000 00966nam a2200301 a 4500
005 20200104041515.0
008 140224b1998 ck ||||| |||| 00| 0 spa d
040 _aCO-BoIAVH
_cCO-BoIAVH
041 _aspa
044 _ack
090 _aLB
_b00795
110 _bColombia. Ministerio del Medio Ambiente
_942421
245 _aAlianza ambiental por Colombia
_bColombia-Estados Unidos de América
260 _aBogotá
_bMinambiente
_c1998
300 _a30
650 _aSistema Nacional Ambiental
_93522
650 _aInstitutos de Investigación
_942422
650 _aMinisterio del Medio Ambiente
_99265
650 _aCorporación Autónoma Regional
_93798
650 _aOrganizaciones no gubernamentales
_96716
650 _aPlan de acción ambiental
_93886
650 _aManejo sostenible
_942423
650 _aAreas protegidas
_978
650 _aSilvicultura
_942425
650 _aManejo de ecosistemas
_942426
662 _aColombia
942 _cINFORME
_2z
999 _c808
_d808